Istilah perhutanan : Bahasa Inggeris - Bahasa Malaysia, Bahasa Malaysia - Bahasa Inggeris

Bibliographic Details
Corporate Author: Dewan Bahasa dan Pustaka
Format: Book
Published: Kuala Lumpur : Dewan Bahasa dan Pustaka , 1987
Subjects:

MARC

LEADER 00000cam a2200000 7i4500
001 0000007240
005 20050427.0
040 |a INS 
090 0 0 |a SD126   |b I87 1987 
245 1 0 |a Istilah perhutanan :   |b Bahasa Inggeris - Bahasa Malaysia, Bahasa Malaysia - Bahasa Inggeris 
260 |a Kuala Lumpur :   |b Dewan Bahasa dan Pustaka ,   |c 1987 
300 |a 317 ms. ;   |c 14 cm. 
650 0 0 |a Forest and forestry   |x Dictionaries 
710 2 |a Dewan Bahasa dan Pustaka 
999 |a 0000003197   |b BOOK   |c Reference   |e Default branch